[Event "6th Cesme Open-A 2018"]
[Site "Cesme"]
[Date "2018.06.30"]
[Round "7.3"]
[White "Sadikhov, Ulvi"]
[Black "Baklan, Vladimir"]
[Result "1/2-1/2"]
[WhiteElo "2484"]
[BlackElo "2595"]
[Annotator "TA"]
[PlyCount "39"]
[EventDate "2018.06.26"]
[EventType "swiss"]
[EventCountry "TUR"]
[SourceTitle "playchess.com"]
[Source "ChessBase"]
[SourceQuality "1"]

{[%evp 19,20,25,29]} 1. Nf3 Nf6 2. g3 c5 3. Bg2 Nc6 4. O-O d6 5. c4 g6 6. b3 Bg7 7. Bb2 O-O 8. d4 cxd4 9. Nxd4 Bd7 10. Nc3 Qa5 {LiveBook: 167 Partien} {Vorgänger:} 11. e3 $146 Rfc8 12. h3 Rab8 13. Nde2 a6 14. a4 Nb4 15. Qd2 Qd8 16. Nf4 Bc6 17. e4 a5 18. Ncd5 e6 19. Nxb4 axb4 20. Rfe1 {½-½ (72) Sargissian,G (2672)-Guseinov,G (2646) Riadh 2017} 1/2-1/2

[Event "6th Cesme Open-A 2018"]
[Site "Cesme"]
[Date "2018.06.30"]
[Round "7.4"]
[White "Sumets, Andrey"]
[Black "Malakhatko, Vadim"]
[Result "1/2-1/2"]
[WhiteElo "2575"]
[BlackElo "2499"]
[Annotator "TA"]
[PlyCount "36"]
[EventDate "2018.06.26"]
[EventType "swiss"]
[EventCountry "TUR"]
[SourceTitle "playchess.com"]
[Source "ChessBase"]
[SourceQuality "1"]

{[%evp 19,21,0,0,0]} 1. d4 d5 2. c4 e6 3. Nf3 Nf6 4. g3 Be7 5. Bg2 O-O 6. O-O dxc4 7. Ne5 Nc6 8. Nxc6 bxc6 9. Na3 Bxa3 10. bxa3 Ba6 {LiveBook: 101 Games} 11. Bxc6 {E05: Open Catalan: 5 Nf3 Be7} {Predecessor:} Rb8 $146 12. Re1 c3 13. Qa4 Rb6 14. Bf3 Bb5 15. Qc2 Qxd4 16. Be3 Qc4 17. Bxb6 Ba4 18. Qc1 cxb6 {½-½ (60) Andersen,M (2597)-Bacrot,E (2714) Baden-Baden 2018} 1/2-1/2

[Event "6th Cesme Open-A 2018"]
[Site "Cesme"]
[Date "2018.06.30"]
[Round "7.5"]
[White "Gadimbayli, Abdulla"]
[Black "Ozen, Deniz"]
[Result "1/2-1/2"]
[WhiteElo "2420"]
[BlackElo "2408"]
[Annotator "ChessBase"]
[PlyCount "73"]
[EventDate "2018.06.26"]
[EventType "swiss"]
[EventCountry "TUR"]
[SourceTitle "playchess.com"]
[Source "ChessBase"]
[SourceQuality "1"]
[TimeControl "5400+30"]

1. e4 {[%emt 0:07:30]} e6 {[%emt 0:00:30]} 2. d4 {[%emt 0:00:30]} d5 {[%emt 0:00:00]} 3. Nd2 {[%emt 0:00:30]} c5 {[%emt 0:00:00]} 4. exd5 {[%emt 0:00:30]} Qxd5 {[%emt 0:00:30]} 5. Ngf3 {[%emt 0:00:00]} cxd4 {[%emt 0:00:30]} 6. Bc4 {[%emt 0:00:00]} Qd7 {[%emt 0:00:00]} 7. O-O {[%emt 0:00:00]} Nc6 {[%emt 0:01:00]} 8. Nb3 {[%emt 0:01:00]} a6 {[%emt 0:00:30]} 9. Nbxd4 {[%emt 0:00:30]} Nxd4 {[%emt 0:00:30]} 10. Nxd4 {[%emt 0:00:30]} Qc7 {[%emt 0:00:00]} 11. Qe2 {[%emt 0:00:00]} Bd6 {[%emt 0:00:00]} 12. h3 {[%emt 0:00:00]} Ne7 {[%emt 0:00:30]} 13. Be3 {[%emt 0:00:30]} O-O {[%emt 0:00:30]} 14. Bb3 {[%emt 0:00:00]} b6 {[%emt 0:08:30]} 15. Rfd1 {[%emt 0:09:00]} e5 {[%emt 0:17:30]} 16. Nf3 {[%emt 0:02:30]} h6 {[%emt 0:02:30]} 17. Nd2 {[%emt 0:26:30]} Qc6 {[%emt 0:09:30]} 18. Qc4 {[%emt 0:16:30]} Bc7 {[%emt 0:07:30]} 19. Qxc6 {[%emt 0:05:30]} Nxc6 {[%emt 0:00:00]} 20. Ne4 {[%emt 0:01:30]} Rb8 {[%emt 0:10:00]} 21. Nd6 {[%emt 0:12:24]} Na5 {[%emt 0:04:30]} 22. Nxc8 {[%emt 0:01:00]} Rfxc8 {[%emt 0:01:30]} 23. Rd7 {[%emt 0:06:28]} Nxb3 {[%emt 0:00:30]} 24. axb3 {[%emt 0:00:07]} a5 {[%emt 0:04:30]} 25. c4 {[%emt 0:00:25]} Bd8 {[%emt 0:03:30]} 26. Rd5 {[%emt 0:01:50]} f6 {[%emt 0:01:30]} 27. Rb5 {[%emt 0:01:48]} Kf7 {[%emt 0:00:30]} 28. b4 {[%emt 0:01:18]} Ke6 {[%emt 0:02:30]} 29. b3 {[%emt 0:01:55]} Bc7 {[%emt 0:02:30]} 30. Rd1 {[%emt 0:01:08]} h5 {[%emt 0:02:30]} 31. Kf1 {[%emt 0:01:09]} axb4 {[%emt 0:02:55]} 32. Ra1 {[%emt 0:01:43]} Kd7 {[%emt 0:01:45]} 33. Rxb4 {[%emt 0:00:38]} Kc6 {[%emt 0:00:46]} 34. Rba4 {[%emt 0:00:26]} Bd6 {[%emt 0:01:05]} 35. b4 {[%emt 0:01:35]} Kd7 {[%emt 0:01:01]} 36. Rc1 {[%emt 0:00:10]} Ra8 {[%emt 0:02:40]} 37. Rxa8 {[%emt 0:01:11]} 1/2-1/2

[Event "6th Cesme Open-A 2018"]
[Site "Cesme"]
[Date "2018.06.30"]
[Round "7.6"]
[White "Oleksiyenko, Mykhaylo"]
[Black "Abdulla, Khayala"]
[Result "1/2-1/2"]
[WhiteElo "2604"]
[BlackElo "2231"]
[Annotator "TA"]
[PlyCount "165"]
[EventDate "2018.06.26"]
[EventType "swiss"]
[EventCountry "TUR"]
[SourceTitle "playchess.com"]
[Source "ChessBase"]
[SourceQuality "1"]

{[%evp 33,165,47,39,28,45,47,47,47,43,41,56,44,72,17,101,106,106,106,111,103,99,100,126,100,187,167,169,124,155,162,149,153,143,139,202,204,181,116,131,105,100,106,100,62,62,52,104,22,34,22,22,15,28,22,17,4,9,5,6,8,10,13,9,0,0,0,22,22,22,22,22,22,24,26,49,53,72,45,48,46,56,55,72,63,85,61,69,84,158,0,0,0,0,0,0,0,0,0,0,0,0,0,0,0,0,0,0,0,0,0,0,0,0,0,0,0,0,0,0,0,0,0,0,0,0,0,0,0,0,0,0,0,0,0]} 1. e4 c5 2. Nf3 e6 3. d4 cxd4 4. Nxd4 a6 5. Be2 Nf6 6. Nc3 Qc7 7. O-O Nc6 8. Be3 {[%cal Bc1e3,Be3d4,Bd4e5,Be5b2][%mdl 32]} Bb4 9. Na4 Be7 10. Nxc6 bxc6 11. Nb6 Rb8 12. Nxc8 Qxc8 13. Bd4 c5 14. Be5 Rb6 15. b3 {B49: Sicilian: Taimanov: 5 Nc3 Qc7 6 Be3 a6 7 Be2} (15. Qd3 d6 16. Bc3 O-O 17. Rad1 Qc6 18. e5 Nd5 19. Bf3 c4 20. Qd2 dxe5 21. Bxe5 Rd8 22. b3 Rb5 23. bxc4 Qxc4 {1-0 (88) Ponomariov,R (2709)-Neiksans,A (2631) Tallinn 2016}) 15... d6 16. Bb2 O-O 17. Qd3 d5 {LiveBook: 3 Games} 18. exd5 Nxd5 19. Qg3 {[%csl Gb2][%cal Rg3g7] [#]} Bf6 20. Bxf6 Nxf6 21. Rfd1 Nd5 $146 ({Predecessor:} 21... a5 22. Bf3 c4 23. h3 h6 {1-0 (52) Landa,K (2587)-Pugachov,A (2499) chessassistantclub.com INT 2004}) 22. a4 a5 23. Rd2 ({White should play} 23. Bc4 $16) 23... Ne7 (23... Rb4 $11 {keeps the balance.}) 24. Qc3 $36 {[%mdl 2048] White has strong initiative.} Rb4 25. Bc4 Nf5 26. Qe5 Qc6 27. c3 Rbb8 28. Rad1 g6 (28... Nh4 $16 {is a better defense.} 29. Qg5 Nf5) 29. Bb5 $18 Qb6 30. Qf6 Qc7 31. g3 {[%cal Bg2g3,Bg3g4][%mdl 32]} Qb7 32. Qe5 Rbc8 33. Rd7 Qb6 (33... Qf3 $16 {was called for.}) 34. g4 Ng7 35. Qd6 (35. R1d3 $18) 35... Qxd6 $16 36. R1xd6 Ne8 37. Rc6 Nf6 38. Rdc7 Rxc7 39. Rxc7 $14 {[%mdl 4096] Endgame KRB-KRN} Ne4 ({Better is} 39... Nxg4 $14 40. Rxc5 Rb8) 40. Bd3 (40. Ra7 $16) 40... Nd2 $1 $11 41. Rxc5 {And now b4 would win.} Nxb3 42. Rb5 Nd2 43. Rxa5 Rc8 44. Be2 Nb3 45. Rb5 Rxc3 46. Rb4 Na5 47. Kg2 Ra3 48. g5 Kg7 49. Rf4 h6 50. gxh6+ Kxh6 51. Rxf7 {Hoping for Bb5.} Rxa4 52. Rf6 e5 53. Ra6 Kg7 54. Bb5 Ra1 55. Bd3 Rd1 56. Rxg6+ ({Don't play} 56. Bxg6 Rd4 $16) 56... Kf7 57. Rg3 Nc6 58. h4 {aiming for h5.} Nb4 59. Bc4+ Kf6 60. h5 {Strongly threatening Rg6+.} Nd5 {[#]} (60... Rd4 $142 61. Bg8 Nd3) 61. Bxd5 $2 ({Only move:} 61. h6 $1 $16 {[%cal Rh6h7]} Nf4+ 62. Kh2) 61... Rxd5 $16 {KR-KR. The position is equal.} 62. h6 {White threatens h7 and mate.} Rd8 63. Rh3 Kg6 64. h7 Kg7 $1 65. Kg3 Kh8 66. Kg4 Rd4+ 67. Kg5 Rf4 68. f3 Rf8 69. Kg4 Rf4+ 70. Kg3 Rf7 71. Rh5 Rf8 72. Rh4 Rf5 73. Kf2 Rf4 74. Kg3 (74. Rh1 {feels hotter.} Rf7 75. Kg3 Rf8 76. Kf2 Rf7) 74... Rf5 (74... Rf7 {keeps more tension.} 75. Kg4 Rf4+ 76. Kh3 Rxf3+) 75. Rh6 Rf7 (75... Rf8 {seems wilder.} 76. Rh4) 76. Rh5 Rf8 77. Rxe5 {Threatens to win with Rh5.} Kxh7 78. Kg4 Ra8 79. f4 Kg6 80. Re6+ Kf7 81. Rb6 $1 Ra5 82. f5 Ra1 83. Kg5 {Precision: White = 63%, Black = 61%.} 1/2-1/2

[Event "6th Cesme Open-A 2018"]
[Site "Cesme"]
[Date "2018.06.30"]
[Round "7.7"]
[White "Gunduz, Umut Erdem"]
[Black "Kovchan, Alexander"]
[Result "0-1"]
[WhiteElo "2130"]
[BlackElo "2572"]
[Annotator "TA"]
[PlyCount "66"]
[EventDate "2018.06.26"]
[EventType "swiss"]
[EventCountry "TUR"]
[SourceTitle "playchess.com"]
[Source "ChessBase"]
[SourceQuality "1"]

{[%evp 16,66,11,6,27,10,12,-35,-8,-66,31,-21,0,0,27,12,34,0,0,0,0,-14,0,-9,-9,-9,-8,-34,0,-22,-29,-103,-91,-96,-108,-108,-104,-126,-107,-112,-110,-114,-126,-116,-118,-164,-146,-172,-189,-369,-366,-1785,-1688]} 1. e4 c5 2. Nc3 a6 3. g3 Nc6 4. Bg2 g6 5. d3 Bg7 6. f4 d6 7. Nf3 Nf6 8. O-O O-O 9. h3 {LiveBook: 14 Games} Nd7 {B25: Closed Sicilian: 3 g3, lines without early Be3} (9... Rb8 10. g4 b5 11. Ne2 a5 12. Be3 Nd7 13. Rb1 b4 14. g5 a4 15. h4 h5 16. f5 Nde5 17. Nh2 {1-0 (29) Stalmach,K (2556)-Sferle,M (2509) ICCF email 2015}) 10. Be3 b5 {[%cal Bb7b5,Bb5b4][%mdl 32]} 11. e5 $146 ({Predecessor:} 11. Rb1 e6 12. Ne2 Qc7 13. a3 Nb6 14. Qe1 Ne7 15. g4 Bb7 16. Qg3 f5 17. Nh4 {0-1 (44) Truong,Q (1963)-Nguyen,D (1930) Ho Chi Minh City 2014}) 11... b4 {Black is slightly better.} 12. Ne4 (12. Na4 $11) 12... Nb6 ({Black should play} 12... dxe5 $15 13. fxe5 Ncxe5) 13. Qe2 (13. a3 $14) 13... Nd5 {[%cal Rd6e5]} (13... Rb8 {seems wilder.} 14. Rae1 Nd5 15. Bf2 dxe5 16. fxe5 Nxe5 17. Nxe5 Bxe5 18. c3 bxc3 19. Nxc3 Bxc3 20. bxc3 Qd6) 14. Bf2 dxe5 15. fxe5 Nxe5 16. Nxc5 Nxf3+ 17. Qxf3 e6 18. d4 Bd7 19. c4 bxc3 $1 20. bxc3 Bc6 21. Qd3 Qa5 22. Be1 Qa3 {White must now prevent ...Bb5.} 23. Nb3 (23. Qd2 $11) 23... Rac8 $1 $36 {[%cal Ba8c8,Bc8c6,Bc6c5][%mdl 2080] Keeping White busy.} 24. c4 Nb4 25. Bxb4 Qxb4 26. Rac1 a5 {[%cal Ba6a5,Ba5a4][%mdl 32]} 27. Bxc6 Rxc6 28. c5 a4 $1 {Hoping for ...Qa3.} 29. Rc4 Qb5 30. Nd2 {[#]} Rd8 $1 31. Rb1 {[#]} Qa6 $1 32. Qc3 $2 {[#]} (32. Qe4 Bh6 33. Rc2) 32... Rxc5 $1 $19 {[%mdl 512] And now ...Bxd4+! would win.} 33. Rbb4 $2 {[#]} (33. Qb4 Rxc4 34. Qxc4 Bxd4+ 35. Kh2) (33. Rxc5 Bxd4+) 33... Bxd4+ $1 {[%mdl 512] Precision: White = 13%, Black = 58%.} 0-1

[Event "6th Cesme Open-A 2018"]
[Site "Cesme"]
[Date "2018.06.30"]
[Round "7.8"]
[White "Danin, Alexandre"]
[Black "Isik, Engin Yasar"]
[Result "1/2-1/2"]
[WhiteElo "2539"]
[BlackElo "2156"]
[Annotator "ChessBase"]
[PlyCount "110"]
[EventDate "2018.06.26"]
[EventType "swiss"]
[EventCountry "TUR"]
[SourceTitle "playchess.com"]
[Source "ChessBase"]
[SourceQuality "1"]
[TimeControl "5400+30"]

1. e4 {[%emt 0:00:30]} c5 {[%emt 0:00:30]} 2. Nf3 {[%emt 0:00:30]} d6 {[%emt 0:00:00]} 3. d4 {[%emt 0:00:00]} cxd4 {[%emt 0:00:00]} 4. Nxd4 {[%emt 0:00:00]} Nf6 {[%emt 0:00:00]} 5. Nc3 {[%emt 0:00:30]} a6 {[%emt 0:00:00]} 6. Be2 {[%emt 0:00:00]} e5 {[%emt 0:00:30]} 7. Nb3 {[%emt 0:00:00]} Be7 {[%emt 0:00:30]} 8. Bg5 {[%emt 0:00:00]} Be6 {[%emt 0:00:00]} 9. Bxf6 {[%emt 0:01:00]} Bxf6 {[%emt 0:00:00]} 10. Qd3 {[%emt 0:00:30]} Nc6 {[%emt 0:00:00]} 11. Nd5 {[%emt 0:00:30]} Bg5 {[%emt 0:02:00]} 12. Rd1 {[%emt 0:01:30]} O-O {[%emt 0:00:30]} 13. c3 {[%emt 0:01:30]} Rc8 {[%emt 0:03:30]} 14. h3 {[%emt 0:00:30]} Ne7 {[%emt 0:11:30]} 15. Nxe7+ {[%emt 0:30:30]} Qxe7 {[%emt 0:17:30]} 16. Bg4 {[%emt 0:09:30]} Rfd8 {[%emt 0:07:30]} 17. Bxe6 {[%emt 0:02:30]} fxe6 {[%emt 0:00:30]} 18. O-O {[%emt 0:00:30]} Qc7 {[%emt 0:11:30]} 19. Qe2 {[%emt 0:01:30]} Bf6 {[%emt 0:08:30]} 20. Rd3 {[%emt 0:05:30]} Rf8 {[%emt 0:05:30]} 21. Qg4 {[%emt 0:03:30]} Qe7 {[%emt 0:05:30]} 22. Rfd1 {[%emt 0:02:30]} Rfd8 {[%emt 0:01:30]} 23. g3 {[%emt 0:02:30]} Rd7 {[%emt 0:05:09]} 24. Nd2 {[%emt 0:02:30]} b5 {[%emt 0:01:40]} 25. h4 {[%emt 0:00:30]} Re8 {[%emt 0:18:41]} 26. Nb3 {[%emt 0:02:30]} Rdd8 {[%emt 0:00:00]} 27. Na1 {[%emt 0:05:30]} Qc7 {[%emt 0:00:00]} 28. Nc2 {[%emt 0:00:30]} a5 {[%emt 0:00:00]} 29. Ne3 {[%emt 0:04:30]} Qc6 {[%emt 0:00:00]} 30. a3 {[%emt 0:03:30]} Kh8 {[%emt 0:00:00]} 31. R1d2 {[%emt 0:00:49]} Rd7 {[%emt 0:00:00]} 32. Qd1 {[%emt 0:05:41]} Be7 {[%emt 0:00:00]} 33. Qh5 {[%emt 0:07:41]} Rf8 {[%emt 0:00:00]} 34. Qg4 {[%emt 0:01:09]} Rf6 {[%emt 0:00:00]} 35. Ng2 {[%emt 0:01:57]} Bd8 {[%emt 0:00:00]} 36. Rf3 {[%emt 0:02:41]} Rdf7 {[%emt 0:00:00]} 37. Rxf6 {[%emt 0:01:43]} Rxf6 {[%emt 0:00:00]} 38. Qe2 {[%emt 0:00:22]} Bb6 {[%emt 0:00:00]} 39. Qd3 {[%emt 0:00:51]} h6 {[%emt 0:02:15]} 40. Ne3 {[%emt 0:00:43]} Bxe3 {[%emt 0:02:52]} 41. Qxe3 {[%emt 0:00:05]} Rf7 {[%emt 0:00:00]} 42. Qd3 {[%emt 0:00:54]} Rd7 {[%emt 0:00:00]} 43. h5 {[%emt 0:00:18]} a4 {[%emt 0:00:20]} 44. Qe2 {[%emt 0:00:23]} Re7 {[%emt 0:00:36]} 45. Qg4 {[%emt 0:00:37]} d5 {[%emt 0:02:18]} 46. Qg6 {[%emt 0:01:20]} d4 {[%emt 0:00:02]} 47. Rd3 {[%emt 0:00:18]} Qd7 {[%emt 0:01:37]} 48. cxd4 {[%emt 0:00:49]} exd4 {[%emt 0:00:30]} 49. e5 {[%emt 0:00:00]} Qd5 {[%emt 0:00:33]} 50. Qg4 {[%emt 0:00:00]} Rc7 {[%emt 0:00:02]} 51. Rd1 {[%emt 0:00:24]} d3 {[%emt 0:00:25]} 52. Qg6 {[%emt 0:00:23]} d2 {[%emt 0:01:22]} 53. Qe8+ {[%emt 0:00:30]} Kh7 {[%emt 0:00:00]} 54. Qg6+ {[%emt 0:01:14]} Kh8 {[%emt 0:00:09]} 55. Qe8+ {[%emt 0:00:30]} Kh7 {[%emt 0:00:30]} 1/2-1/2

[Event "6th Cesme Open-A 2018"]
[Site "Cesme"]
[Date "2018.06.30"]
[Round "7.9"]
[White "Guseynov, Alihan"]
[Black "Odeev, Handszar"]
[Result "1/2-1/2"]
[WhiteElo "2341"]
[BlackElo "2415"]
[Annotator "NA"]
[PlyCount "71"]
[EventDate "2018.06.26"]
[EventType "swiss"]
[EventCountry "TUR"]
[SourceTitle "playchess.com"]
[Source "ChessBase"]
[SourceQuality "1"]
[TimeControl "5400+30"]

{[%evp 8,71,31,4,0,0,0,-6,32767,18,4,8,1,10,32,10,31,33,22,0,7,20,16,9,11,13,19,0,30,30,40,43,30,58,32767,30,48,32767,29,37,24,34,35,50,42,47,42,41,32767,32767,32767,33,32767,32767,32767,32767,32767,32767,32767,32767,32767,32767,32767,18,17,25]} 1. d4 {[%emt 0:00:30]} Nf6 {[%emt 0:13:30]} 2. c4 {[%emt 0:00:30]} g6 {[%emt 0:00:30]} 3. Nc3 {[%emt 0:00:30]} d5 {[%emt 0:00:30]} 4. Nf3 {[%emt 0:00:30]} Bg7 {[%emt 0:00:30]} 5. e3 {[%emt 0:00:30]} O-O {[%emt 0:01:30]} 6. Bd2 {[%emt 0:00:30]} e6 {[%emt 0:03:30]} 7. Rc1 {[%emt 0:01:30]} Ne4 {[%emt 0:00:30] D94: Grünfeld: 4 Nf3 Bg7 5 e3} (7... b6 8. Be2 Bb7 9. O-O Nbd7 10. b4 dxc4 11. Bxc4 c5 12. dxc5 bxc5 13. Na4 cxb4 14. Bxb4 Re8 15. Nc5 Nxc5 16. Bxc5 Ne4 17. Qxd8 Rexd8 18. Bd4 Bxd4 19. Nxd4 Nd2 20. Rfe1 e5 21. Nb3 Nxc4 {½-½ (21) Granda Zuniga,J (2646)-Ivanisevic,I (2648) Sitges 2016}) 8. Bd3 {[%emt 0:09:30]} Nxd2 {[%emt 0:01:30] LiveBook: 5 Games} 9. Qxd2 {[%emt 0:00:30]} ({Much weaker is} 9. Kxd2 dxc4 10. Bxc4 c5 $15) 9... dxc4 {[%emt 0:08:30]} 10. Bxc4 {[%emt 0:00:30]} Nd7 {[%emt 0:02:30]} 11. O-O {[%emt 0:04:30]} a6 $146 {[%emt 0:10:30]} ({Predecessor:} 11... c5 12. Rfd1 cxd4 13. Nxd4 Qe7 14. Be2 a6 15. Nb3 {1-0 (79) Stern,R (2506)-Degtiarev,E (2368) Germany 2010}) 12. Rfd1 {[%emt 0:18:30]} Qe7 {[%emt 0:06:30]} 13. a4 {[%emt 0:13:30]} Rd8 {[%emt 0:04:30]} 14. Qc2 {[%emt 0:09:30]} b6 {[%emt 0:06:30]} 15. d5 {[%emt 0:06:30]} Ne5 {[%emt 0:12:30]} 16. Nxe5 {[%emt 0:08:30]} Bxe5 {[%emt 0:00:00]} 17. Qe4 {[%emt 0:03:06]} Bd6 {[%emt 0:01:00]} 18. dxe6 {[%emt 0:02:50]} Bxe6 {[%emt 0:00:00]} 19. Bxe6 {[%emt 0:00:21]} Qxe6 {[%emt 0:00:00]} 20. Qxe6 {[%emt 0:01:41]} fxe6 {[%emt 0:00:30]} 21. Ne4 {[%emt 0:03:10]} Be7 {[%emt 0:00:30]} 22. Kf1 {[%emt 0:01:16]} c5 {[%emt 0:02:30]} 23. Rxd8+ {[%emt 0:01:33]} Rxd8 {[%emt 0:00:00] [#]} 24. a5 $1 {[%emt 0:00:08]} bxa5 {[%emt 0:13:24]} 25. Ra1 {[%emt 0:00:30]} Rb8 {[%emt 0:00:45]} 26. Rxa5 {[%emt 0:01:02]} Rxb2 {[%emt 0:00:31]} 27. Rxa6 {[%emt 0:04:45]} Kf7 {[%emt 0:00:25]} 28. Rc6 {[%emt 0:06:34]} Rc2 {[%emt 0:01:38]} 29. h3 {[%emt 0:01:04]} Rc4 {[%emt 0:00:22]} 30. Nd2 {[%emt 0:00:06]} Ra4 {[%emt 0:02:38]} 31. Ke2 {[%emt 0:00:14]} Ra2 {[%emt 0:02:17]} 32. Kd3 {[%emt 0:00:30]} Ra3+ {[%emt 0:00:30]} 33. Ke2 {[%emt 0:00:00]} Ra2 {[%emt 0:00:00]} 34. Kd3 {[%emt 0:00:36]} Ra3+ {[%emt 0:00:00]} 35. Kc4 {[%emt 0:01:12]} Ra2 $11 {[%emt 0:00:37]} 36. Ne4 {[%emt 0:00:26]} 1/2-1/2

[Event "6th Cesme Open-A 2018"]
[Site "Cesme"]
[Date "2018.06.30"]
[Round "7.10"]
[White "Bashirli, Nail"]
[Black "Koksal, Ege"]
[Result "1-0"]
[WhiteElo "2385"]
[BlackElo "2356"]
[Annotator "ChessBase"]
[PlyCount "89"]
[EventDate "2018.06.26"]
[EventType "swiss"]
[EventCountry "TUR"]
[SourceTitle "playchess.com"]
[Source "ChessBase"]
[SourceQuality "1"]
[TimeControl "5400+30"]

1. e4 {[%emt 0:15:30]} e5 {[%emt 0:00:30]} 2. Nf3 {[%emt 0:00:30]} Nc6 {[%emt 0:00:30]} 3. Bb5 {[%emt 0:00:00]} a6 {[%emt 0:00:00]} 4. Ba4 {[%emt 0:00:00]} Nf6 {[%emt 0:00:00]} 5. O-O {[%emt 0:00:00]} Nxe4 {[%emt 0:03:30]} 6. Re1 {[%emt 0:02:00]} Nc5 {[%emt 0:00:30]} 7. Bxc6 {[%emt 0:00:30]} dxc6 {[%emt 0:00:30]} 8. Nxe5 {[%emt 0:00:00]} Be7 {[%emt 0:00:30]} 9. d4 {[%emt 0:00:00]} Ne6 {[%emt 0:00:30]} 10. Be3 {[%emt 0:00:00]} O-O {[%emt 0:00:30]} 11. c4 {[%emt 0:00:00]} Bg5 {[%emt 0:14:30]} 12. d5 {[%emt 0:08:30]} cxd5 {[%emt 0:02:30]} 13. cxd5 {[%emt 0:00:30]} Bxe3 {[%emt 0:10:30]} 14. Rxe3 {[%emt 0:12:30]} Nf4 {[%emt 0:06:30]} 15. Nc3 {[%emt 0:00:30]} Ng6 {[%emt 0:00:30]} 16. Qh5 {[%emt 0:03:30]} Nxe5 {[%emt 0:14:30]} 17. Rxe5 {[%emt 0:13:30]} Bd7 {[%emt 0:00:30]} 18. Re4 {[%emt 0:06:30]} Qf6 {[%emt 0:03:30]} 19. Rb4 {[%emt 0:03:30]} Rab8 {[%emt 0:11:30]} 20. Ne4 {[%emt 0:00:30]} Qe7 {[%emt 0:00:30]} 21. Rc4 {[%emt 0:03:30]} Bb5 {[%emt 0:03:30]} 22. Rd4 {[%emt 0:00:30]} Rbe8 {[%emt 0:01:30]} 23. h3 {[%emt 0:01:30]} c5 {[%emt 0:14:58]} 24. d6 {[%emt 0:04:30]} Qe5 {[%emt 0:00:01]} 25. Qxe5 {[%emt 0:00:30]} Rxe5 {[%emt 0:00:30]} 26. f4 {[%emt 0:00:30]} cxd4 {[%emt 0:02:58]} 27. fxe5 {[%emt 0:00:30]} Re8 {[%emt 0:02:32]} 28. a4 {[%emt 0:03:30]} Bc6 {[%emt 0:01:32]} 29. Nc5 {[%emt 0:00:30]} Kf8 {[%emt 0:00:02]} 30. Re1 {[%emt 0:00:30]} Rd8 {[%emt 0:01:55]} 31. Rd1 {[%emt 0:01:41]} a5 {[%emt 0:01:04]} 32. Rxd4 {[%emt 0:00:47]} Ke8 {[%emt 0:00:37]} 33. Rh4 {[%emt 0:01:32]} h6 {[%emt 0:00:38]} 34. Rg4 {[%emt 0:00:44]} b6 {[%emt 0:00:30]} 35. Na6 {[%emt 0:00:00]} Kd7 {[%emt 0:01:02]} 36. Nc7 {[%emt 0:00:18]} g5 {[%emt 0:00:55]} 37. Rd4 {[%emt 0:00:30]} Bb7 {[%emt 0:00:00]} 38. Kf2 {[%emt 0:00:00]} Kc6 {[%emt 0:00:31]} 39. Ke3 {[%emt 0:01:09]} Bc8 {[%emt 0:00:05]} 40. Rc4+ {[%emt 0:00:58]} Kd7 {[%emt 0:00:30]} 41. Nd5 {[%emt 0:00:16]} Ke6 {[%emt 0:00:00]} 42. Kd4 {[%emt 0:00:55]} Bd7 {[%emt 0:01:25]} 43. g4 {[%emt 0:00:18]} Bc8 {[%emt 0:01:04]} 44. Rc7 {[%emt 0:00:30]} Re8 {[%emt 0:00:00]} 45. Nf6 {[%emt 0:00:00]} 1-0

[Event "6th Cesme Open-A 2018"]
[Site "Cesme"]
[Date "2018.06.30"]
[Round "7.11"]
[White "Kamer, Kayra"]
[Black "Barsov, Alexei"]
[Result "0-1"]
[WhiteElo "2181"]
[BlackElo "2371"]
[Annotator "NA"]
[PlyCount "92"]
[EventDate "2018.06.26"]
[EventType "swiss"]
[EventCountry "TUR"]
[SourceTitle "playchess.com"]
[Source "ChessBase"]
[SourceQuality "1"]
[TimeControl "5400+30"]

1. Nf3 {[%emt 0:04:30]} d5 {[%emt 0:00:30]} 2. g3 {[%emt 0:00:30]} g6 {[%emt 0:00:00]} 3. Bg2 {[%emt 0:00:30]} Bg7 {[%emt 0:00:00]} 4. d4 {[%emt 0:01:30]} Nf6 {[%emt 0:00:30]} 5. O-O {[%emt 0:00:30]} O-O {[%emt 0:00:00]} 6. c4 {[%emt 0:00:00]} dxc4 {[%emt 0:01:00]} 7. Na3 {[%emt 0:00:00]} c3 {[%emt 0:00:30]} 8. bxc3 {[%emt 0:00:30]} c5 {[%emt 0:00:00]} 9. Ne5 {[%emt 0:04:30]} Nfd7 {[%emt 0:16:00]} 10. Nac4 {[%emt 0:03:30] LiveBook: 10 Games} Nxe5 {[%emt 0:05:30]} 11. Nxe5 {[%emt 0:00:30]} cxd4 {[%emt 0:00:30] D77: Fianchetto Grünfeld: 6 0-0: Replies other than 6...c6} 12. cxd4 {[%emt 0:00:30]} Nd7 {[%emt 0:00:00]} 13. Bf4 {[%emt 0:10:30]} (13. Bb2 Nxe5 14. dxe5 Qxd1 15. Rfxd1 Be6 16. f4 Rac8 17. Rdc1 b6 18. a4 Bc4 19. Kf2 {0-1 (51) Fressinet,L (2672)-Henriquez Villagra,C (2517) Doha 2016}) 13... Nxe5 {[%emt 0:15:00]} 14. dxe5 {[%emt 0:01:30]} Qa5 {[%emt 0:00:00]} 15. Qd5 {[%emt 0:00:00]} Qa6 $146 {[%emt 0:00:00]} ({Predecessor:} 15... Qxd5 16. Bxd5 Rb8 17. Rfc1 b6 18. Rab1 {½-½ (35) Mahalakshmi,M (2191)-Gomez Barrera,J (1972) Tarvisio 2017}) 16. Rac1 {[%emt 0:11:00]} Rb8 {[%emt 0:04:30]} 17. Qc5 {[%emt 0:05:30]} Be6 {[%emt 0:13:30]} 18. Qxe7 {[%emt 0:00:30]} Qxa2 {[%emt 0:03:30]} 19. Rc7 {[%emt 0:05:30]} (19. Bxb7 $11 {keeps the balance.} Qxe2 20. Rfe1) 19... b5 {[%emt 0:14:30]} 20. Rxa7 {[%emt 0:02:30]} Qxe2 {[%emt 0:00:00]} 21. Qb4 {[%emt 0:18:30]} Rfd8 {[%emt 0:04:00]} 22. h4 {[%emt 0:05:30]} Bxe5 {[%emt 0:03:32]} 23. Bg5 {[%emt 0:00:00]} Rd1 {[%emt 0:03:19]} 24. Rxd1 {[%emt 0:01:00]} Qxd1+ {[%emt 0:00:06]} 25. Kh2 {[%emt 0:00:00]} Qd4 {[%emt 0:05:17]} 26. Qxd4 {[%emt 0:01:00]} Bxd4 {[%emt 0:00:30]} 27. Ra5 {[%emt 0:00:00]} b4 {[%emt 0:03:48]} 28. Bf4 {[%emt 0:00:00]} Rc8 {[%emt 0:00:00]} 29. Bb7 {[%emt 0:05:10]} (29. Be5 {was worth a try.} Bxe5 30. Rxe5) 29... Rc2 {[%emt 0:03:22]} 30. Bh6 {[%emt 0:00:30]} Rxf2+ {[%emt 0:00:00]} 31. Kh1 {[%emt 0:00:19]} Rf1+ {[%emt 0:03:10]} 32. Kg2 {[%emt 0:01:03]} Rf2+ {[%emt 0:00:30]} 33. Kh1 {[%emt 0:00:00]} f5 {[%emt 0:01:17]} 34. Bc6 {[%emt 0:00:00]} Rf1+ {[%emt 0:00:10]} 35. Kg2 {[%emt 0:00:28]} Rf2+ {[%emt 0:00:30]} 36. Kh1 {[%emt 0:00:00]} Rc2 {[%emt 0:01:42]} 37. Ba4 {[%emt 0:03:08]} Rc8 {[%emt 0:01:01]} 38. Rb5 {[%emt 0:01:40]} Bc3 {[%emt 0:00:11]} 39. Rb6 {[%emt 0:00:16]} Bd5+ {[%emt 0:00:30]} 40. Kh2 {[%emt 0:00:00]} Ra8 $19 {[%emt 0:00:02]} 41. Rb5 {[%emt 0:04:51]} Rxa4 {[%emt 0:00:39]} 42. Rxd5 {[%emt 0:00:02]} b3 {[%emt 0:00:47]} 43. Rd8+ {[%emt 0:01:02]} Kf7 {[%emt 0:00:01]} 44. Rf8+ {[%emt 0:00:00]} Ke6 {[%emt 0:00:40]} 45. Re8+ {[%emt 0:01:25]} Kd7 {[%emt 0:00:38]} 46. Rb8 {[%emt 0:00:40]} Rxh4+ {[%emt 0:00:19]} 0-1